Aspects of business enterprise

Na minha lista:
Detalhes bibliográficos
Formato: Livro
Idioma:Undetermined
Publicado em: Eindhoven N. V. Philips Gloeilampenfabrieken 1973
Assuntos:
Tags: Adicionar Tag
Sem tags, seja o primeiro a adicionar uma tag!
Thư viện lưu trữ: Trung tâm Học liệu Trường Đại học Cần Thơ
LEADER 00427nam a2200157Ia 4500
001 CTU_86718
008 210402s9999 xx 000 0 und d
082 |a 658 
082 |b A838 
245 0 |a Aspects of business enterprise 
260 |a Eindhoven 
260 |b N. V. Philips Gloeilampenfabrieken 
260 |c 1973 
650 |a General management 
904 |i Năm 
980 |a Trung tâm Học liệu Trường Đại học Cần Thơ